<?xml version="1.0" encoding="UTF-8"?>
<collection xmlns="http://www.loc.gov/MARC21/slim">
  <record>
    <leader>00000nam  2200000   4500</leader>
    <controlfield tag="001">INLIS000000000016990</controlfield>
    <controlfield tag="005">20240508093009</controlfield>
    <datafield tag="035" ind1="#" ind2="#">
      <subfield code="a">0010-0524000016</subfield>
    </datafield>
    <controlfield tag="007">ta</controlfield>
    <controlfield tag="008">240508###########################0######</controlfield>
    <datafield tag="084" ind1="#" ind2="#">
      <subfield code="a">R 38 LATSAR 2023</subfield>
    </datafield>
    <datafield tag="100" ind1=" " ind2="#">
      <subfield code="a">Odenti Muhammad Fhiqi</subfield>
    </datafield>
    <datafield tag="245" ind1="1" ind2="#">
      <subfield code="a">E-Verifikator Pertanggungjawaban Perjalanan Dinas di Lingkungan Kedeputian Bidang Koordinasi dan Supervisi Tahun 2023 /</subfield>
      <subfield code="c">Muhammad Fhiqi Odenti</subfield>
    </datafield>
    <datafield tag="250" ind1="#" ind2="#">
      <subfield code="a">1</subfield>
    </datafield>
    <datafield tag="260" ind1="#" ind2="#">
      <subfield code="a">Jakarta :</subfield>
      <subfield code="b">Pusbangkader,</subfield>
      <subfield code="c">2023</subfield>
    </datafield>
    <datafield tag="650" ind1="#" ind2="4">
      <subfield code="a">Administrasi Keuangan</subfield>
    </datafield>
    <datafield tag="856" ind1="#" ind2="#">
      <subfield code="a">Perpustakaan LAN Pusat</subfield>
    </datafield>
    <datafield tag="990" ind1="#" ind2="#">
      <subfield code="a">2405038</subfield>
    </datafield>
  </record>
</collection>
